000 00806nam a2200277 i 4500
003 DO-SdBNP
005 20260321073645.0
007 ta
008 230414e19362005dr ||||gr|||| 000 j spa d
020 _a9993476722
040 _aDO-SdBNP
_bspa
_cBNPHU
_erda
082 4 _222
_aRD863.44
_bB742m 2005
100 1 _a Bosch, Juan,
_d1909-2001
_eautor
_976555
245 1 3 _aLa mañosa :
_bnovela
_cJuan Bosch
250 _a28 ed.
264 _aSanto Domingo :
_bAlfa & Omega
_c2003.
300 _a220 páginas ;
_c27 cm
336 _2rdacontent
_atexto
_btxt
337 _2rdamedia
_asin medición
_bn
338 _2rdacarrier
_avolumen
_bnc
590 _aInventariado 2023 / MF
650 0 _aNovela dominicana
_9223
650 4 _aLiteratura dominicana
910 _aControl de calidad MAA
942 _2ddc
_cLBS1
999 _c53251
_d53251